Регионална библиотека "Любен Каравелов" - Русе

Отело (Запис номер 424421)

MARC детайли
000 -Лидер
Контролно поле с фиксирана дължина nam a22 a 4500
003 - Код на организацията, давaща контролен номер
Контролно поле BLK
005 - Дата и час на последна редакция
Контролно поле 20210720134550.0
008 - Елементи от данни с фиксирана дължина
fixed length control field 210720b bu |||||||||| 00| | bu d
040 ## - Източник на каталожния запис
Идентификатор на билиотеката - собственик на записа BLK
041 ## - Код за език
Код за езика на текст/звукозапис или на отделно заглавие Български
Код за езика КДБФ Български
080 ## - УДК
Текстов определител УДК Английска литература
УДК код - определител по УДК 821.111
УДК определител -21
УДК - код + определител 821.111-21
100 ## - Редна дума - Автор
R(LIN) 1299
Автор Шекспир, Уилям
Авторска отговорност първи автор
139 ## - Редно поле
Редна дума Шекспир, Уилям
245 ## - Сведения за заглавието
Заглавие Отело
Подзаглавни данни Трагедия в 5 д.
Редно поле (дума) Уилиам Шекспир ; прев. от рус. в проза, с прибавл. на един ист.-крит. етюд и обясн. забележки ; под ред. на Б. Райнов
260 ## - Област на издателските данни
9 (RLIN) 217154
Място на издаване, разпространение и проч. Варна
Име на издателя, разпространителя и проч. печ. Взаимност
Година на издаване 1896
Печатница (Варна : Взаимност)
300 ## - Физическа характеристика
Страници 180 с.
Размери/Мащаб 19 см
380 ## - Жанр
Жанр Худож. лит.
490 ## - СЕРИИ (Колекции)
9 (RLIN) 435080
Име на серия Колекция Редки и ценни издания
490 ## - СЕРИИ (Колекции)
9 (RLIN) 204975
Име на серия Театрална библиотека
№: серия [Т. II]
505 ## - Форматирана забележка
Авторската отговорност Уилиам Шекспир
Заглавие Кориолан : Трагедия в 5 д. - 1897
505 ## - Форматирана забележка
Авторската отговорност Уилиам Шекспир
Заглавие Крал Лир : Трагедия в 5 д. - 1897
505 ## - Форматирана забележка
Авторската отговорност Уилиам Шекспир
Заглавие Макбет : Трагедия в 5 д. - 1896
505 ## - Форматирана забележка
Авторската отговорност Уилиам Шекспир
Заглавие Юлий Цезар : Трагедия в 5 д. - 1897
700 ## - Други автори (авторска отговорност)
9 (RLIN) 871
Лично име Райнов, Божил
Автороска отговорност (Описва отношението между автора и произведението) под ред. на
852 ## - Местоположение
Форматна сигнатура Рб 896
Фондова буква Редки и ценни
999 ## - СИСТЕМНИ КОНТРОЛНИ НОМЕРА
Koha biblionumber 424421
Koha biblioitemnumber 424421
942 ## - АРТИКУЛИ
Вид на библиотечния материал Книги
Скрит в OPAC Не
Периодичен библиозапис Да
944 ## - СЪЗДАВАНЕ И РЕДАКЦИЯ на ЗАПИСА
Създаване/Редакция Създаване
Дата на регистрацията/редакция 2021-07-20
Служител, извършил регистрацията/редакцията ВП
Наличности
Код за отписване Код за изгубен артикул Източник на класификационната схема Код за повреда Коз за рестрикции Код за отдаване Артикулен № Име на библиотеката - собственик Име на библиотеката, в която се намира в момента Статус (Текущо местоположение) Дата на вписване в системата Местоположение - отдел Цена в лева Инвентарен номер Систематично азбучна сигнатура Баркод Цена в евро Служебен тип на артикула
  Не е изгубен Universal Decimal Classification Не е повреден само за читалня Специални фондове ( старопечатни, редки и ценни, фонд М. Арнаудов) 854025 Регионална библиотека "Любен Каравелов" Русе Регионална библиотека "Любен Каравелов" Русе Редки и ценни 2021-09-21 Редки и ценни 1.00 12534/58 Рб 896 900000070431 0.51 Книги
Vip Innovations Ltd, Rousse, Bulgaria 2025